| 000 | 00900nam a22002057a 4500 | ||
|---|---|---|---|
| 999 |
_c12312 _d12312 |
||
| 003 | AR-CdUCM | ||
| 008 | 190408b ||||| |||| 00| 0 spa d | ||
| 040 |
_aMUNICIPALIDAD PROVINCIAL DEL CUSCO _cBIBLIOTECA MUNICIPAL DEL CUSCO |
||
| 082 |
_aC / 373 / _bV21 |
||
| 100 |
_aValer, José Antonio _930115 |
||
| 245 | _aEl Instituto de Experimentación Educacional de San Jerónimo y la Educación Fundamental / | ||
| 260 |
_aCusco : _bGarcilaso, _c1955. |
||
| 300 |
_a64 páginas ; _bilustraciones, diagramas plegables, _c27 cm. |
||
| 505 | _aContenido: Resultados obtenidos por áreas: La salud, la familia -- Conocmientos (Plan pedagógico) -- Economía rural - Sección de alfabetización -- Desnutrición como factor de retraso escolar en la educación indígena. | ||
| 650 |
_aEducación _9460 |
||
| 650 |
_aCusco _9772 |
||
| 650 |
_aPerú _935 |
||
| 942 |
_2ddc _cLIBROS |
||
| 945 |
_aachl _d2019-04-08 |
||